000 00711nam a22002297a 4500
003 UA-OsUOA
001 84038
007 ta
008 20120517b un ||||| |||| 00| 0 ukr d
100 _aБезтелесна Л.І.
700 _aЮрчик Г.М.
090 _a330(477)
_bБ40
942 _cSA
040 _aUA-OsUOA
_bukr
_cUA-OsUOA
_dUA-OsUOA
245 _aМакроекономічні закономірності функціонуваня національного ринку праці
300 _aС.22-28
955 _a0
041 _aukr
080 _a330(477)
773 0 _w84034
_tСтатистика України
_dК.
_d2012
_g1
650 7 _a330 Економіка взагалі
_2UDC
999 _c370348
_d370348